Statistics for Least Urbanized U.S. States

Click here to take the quiz!

General Stats

  • This quiz has been taken 33 times
  • The average score is 9 of 10

Answer Stats

%City% Correct
2.3North Dakota
100%
2.0South Dakota
100%
1.7Idaho
97%
1.2Montana
94%
2.6Nebraska
90%
1.7Utah
90%
1.1Wyoming
90%
0.8Nevada
87%
1.8New Mexico
84%
2.3Oregon
81%

Score Distribution

Percentile by Number Answered

Percent of People with Each Score

Your Score History

You have not taken this quiz